<?xml version="1.0" encoding="UTF-8"?>
<record
    xmlns:xsi="http://www.w3.org/2001/XMLSchema-instance"
    xsi:schemaLocation="http://www.loc.gov/MARC21/slim http://www.loc.gov/standards/marcxml/schema/MARC21slim.xsd"
    xmlns="http://www.loc.gov/MARC21/slim">

  <leader>01177cam a22002537a 4500</leader>
  <controlfield tag="001">85025</controlfield>
  <controlfield tag="003">BD-RjUL</controlfield>
  <controlfield tag="005">20250622105029.0</controlfield>
  <controlfield tag="008">250622s1936    ii      a     000 0durd  </controlfield>
  <datafield tag="035" ind1=" " ind2=" ">
    <subfield code="a">(BD-RjUL)   85025</subfield>
  </datafield>
  <datafield tag="040" ind1=" " ind2=" ">
    <subfield code="a">DLC</subfield>
    <subfield code="c">DLC</subfield>
    <subfield code="d">DLC</subfield>
    <subfield code="b">eng</subfield>
  </datafield>
  <datafield tag="041" ind1=" " ind2=" ">
    <subfield code="a">eng</subfield>
  </datafield>
  <datafield tag="082" ind1=" " ind2=" ">
    <subfield code="2">23</subfield>
    <subfield code="a">891.439092</subfield>
    <subfield code="b">HAL 1936</subfield>
  </datafield>
  <datafield tag="245" ind1="0" ind2="0">
    <subfield code="a">Y&#x101;dg&#x101;r-i &#x1E24;&#x101;l&#x12B;, ya&#x2BB;n&#x12B;, &#x1E24;&#x101;l&#x12B; nambar ris&#x101;lah "Zam&#x101;nah" K&#x101;np&#x16B;r</subfield>
    <subfield code="c">murattabah, Day&#x101; Nar&#x101;yan Nigam.</subfield>
  </datafield>
  <datafield tag="246" ind1="3" ind2="0">
    <subfield code="a">&#x1E24;&#x101;l&#x12B; nambar ris&#x101;lah "Zam&#x101;nah" K&#x101;np&#x16B;r</subfield>
  </datafield>
  <datafield tag="260" ind1=" " ind2=" ">
    <subfield code="a">K&#x101;np&#x16B;r :</subfield>
    <subfield code="b">Zam&#x101;nah Pres,</subfield>
    <subfield code="c">1936.</subfield>
  </datafield>
  <datafield tag="300" ind1=" " ind2=" ">
    <subfield code="a">iv, 104 p. ;</subfield>
    <subfield code="c">18 cm.</subfield>
  </datafield>
  <datafield tag="520" ind1=" " ind2=" ">
    <subfield code="a">Life and works of K&#x332;h&#x332;v&#x101;jah Alt&#x324;&#x101;f &#x1E24;usain &#x1E24;&#x101;l&#x12B;, 1837-1914, Urdu poet; contributed articles.</subfield>
  </datafield>
  <datafield tag="600" ind1="1" ind2="0">
    <subfield code="a">&#x1E24;&#x101;l&#x12B;, K&#x332;h&#x332;v&#x101;jah Alt&#x324;&#x101;f &#x1E24;usain,</subfield>
    <subfield code="d">1837-1914</subfield>
    <subfield code="x">Criticism and interpretation.</subfield>
    <subfield code="9">15732</subfield>
  </datafield>
  <datafield tag="700" ind1="1" ind2=" ">
    <subfield code="a">Nagam, Day&#x101; Nar&#x101;&#x2BC;in.</subfield>
    <subfield code="9">15733</subfield>
  </datafield>
  <datafield tag="942" ind1=" " ind2=" ">
    <subfield code="2">ddc</subfield>
    <subfield code="c">BK</subfield>
  </datafield>
  <datafield tag="999" ind1=" " ind2=" ">
    <subfield code="c">85025</subfield>
    <subfield code="d">85025</subfield>
  </datafield>
  <datafield tag="952" ind1=" " ind2=" ">
    <subfield code="0">0</subfield>
    <subfield code="1">0</subfield>
    <subfield code="2">ddc</subfield>
    <subfield code="4">0</subfield>
    <subfield code="7">1</subfield>
    <subfield code="8">NFIC</subfield>
    <subfield code="a">RUCL</subfield>
    <subfield code="b">RUCL</subfield>
    <subfield code="c">Reading</subfield>
    <subfield code="d">1976-06-28</subfield>
    <subfield code="l">0</subfield>
    <subfield code="o">U 891.439092 HAL 1936</subfield>
    <subfield code="r">2025-06-22 00:00:00</subfield>
    <subfield code="t">C-1</subfield>
    <subfield code="w">2025-06-22</subfield>
    <subfield code="y">BK</subfield>
  </datafield>
</record>
